00465cam a2200157 a 450000100100000000500170001000800410002704000250006808200170009310000430011024500530015326000320020630000210023865000220025965000260028100001814120200929165354.0810320nuuuuuuuumx 000 f spa d aDO-SdBNPbspacBNPHU a863.6bB644h1 aBlasco Ibáñez, Vicente,d1867-192813aLa horda :bnovela /cVicente Blasco Ibáñez. aMéxico :bPrometeo,c19?? a385 p. ;c19 cm. 4aNovela española 4aLiteratura española